LIBRARY & INFORMATION CENTRE, KCAET, TAVANUR

ONLINE PUBLIC ACCESS CATALOGUE (OPAC)

Food Irradiation (Record no. 14167)

MARC details
000 -LEADER
fixed length control field 00307nam a22001337a 4500
020 ## - INTERNATIONAL STANDARD BOOK NUMBER
ISBN 9788183211857
082 ## - DEWEY DECIMAL CLASSIFICATION NUMBER
Classification number 660
Item number SHO/FO
100 ## - MAIN ENTRY--AUTHOR NAME
Personal name Shobha A Udipi
245 ## - TITLE STATEMENT
Title Food Irradiation
260 ## - PUBLICATION, DISTRIBUTION, ETC. (IMPRINT)
Place of publication Udaipur
Name of publisher Agrotech Pub
Year of publication 2010
300 ## - PHYSICAL DESCRIPTION
Number of Pages 256
650 ## - SUBJECT ADDED ENTRY--TOPICAL TERM
Topical Term Food Irradiation
942 ## - ADDED ENTRY ELEMENTS (KOHA)
Koha item type Books
Holdings
Withdrawn status Lost status Damaged status Collection code Home library Current library Shelving location Date acquired Source of acquisition Cost, normal purchase price Full call number Accession Number Koha item type
        KAUAET KAUAET General Stacks 24/12/2014 Penta Books, Calicut 800.00 660 SHO/FO 23758 Books
free website counter